<?xml version="1.0" encoding="UTF-8"?>
<collection xmlns="http://www.loc.gov/MARC21/slim">
 <record>
  <leader>00882nam a2200205 a 4500</leader>
  <controlfield tag="001">1/53403</controlfield>
  <controlfield tag="008">210901s2019    gr            000 | gre d</controlfield>
  <datafield tag="020" ind1=" " ind2=" ">
   <subfield code="a">9789609994033</subfield>
  </datafield>
  <datafield tag="040" ind1=" " ind2=" ">
   <subfield code="a">GR-PeUP</subfield>
  </datafield>
  <datafield tag="082" ind1="0" ind2="0">
   <subfield code="a">333.79 ΣΤΑ</subfield>
  </datafield>
  <datafield tag="100" ind1="1" ind2=" ">
   <subfield code="a">Σταμπολής, Κωστής.</subfield>
  </datafield>
  <datafield tag="245" ind1="1" ind2="0">
   <subfield code="a">Ελλάς - Κύπρος στη νέα ενεργειακή εποχή /</subfield>
   <subfield code="c">Κωστής Σταμπολής.</subfield>
  </datafield>
  <datafield tag="260" ind1=" " ind2=" ">
   <subfield code="a">Αθήνα :</subfield>
   <subfield code="b">Ινστιτούτο Ενέργειας Νοτιοανατολικής Ευρώπης,</subfield>
   <subfield code="c">2019.</subfield>
  </datafield>
  <datafield tag="300" ind1=" " ind2=" ">
   <subfield code="a">193 σ. ;</subfield>
   <subfield code="c">22 εκ.</subfield>
  </datafield>
  <datafield tag="650" ind1=" " ind2="4">
   <subfield code="a">Ενεργειακή ανάπτυξη</subfield>
   <subfield code="z">Ελλάδα.</subfield>
  </datafield>
  <datafield tag="650" ind1=" " ind2="4">
   <subfield code="a">Ενεργειακή ανάπτυξη</subfield>
   <subfield code="z">Κύπρος.</subfield>
  </datafield>
  <datafield tag="650" ind1=" " ind2="0">
   <subfield code="a">Energy development</subfield>
   <subfield code="z">Greece.</subfield>
  </datafield>
  <datafield tag="650" ind1=" " ind2="0">
   <subfield code="a">Energy development</subfield>
   <subfield code="z">Cyprus.</subfield>
  </datafield>
  <datafield tag="852" ind1=" " ind2=" ">
   <subfield code="a">INST</subfield>
   <subfield code="b">UNIPILB</subfield>
   <subfield code="c">MAIN</subfield>
   <subfield code="e">20210901</subfield>
   <subfield code="h">333.79 ΣΤΑ</subfield>
   <subfield code="p">00183714</subfield>
   <subfield code="q">00183714</subfield>
   <subfield code="t">LOAN</subfield>
   <subfield code="y">0</subfield>
   <subfield code="4">1</subfield>
  </datafield>
  <datafield tag="960" ind1=" " ind2=" ">
   <subfield code="a">ΜΑΡΙΑ ΒΕΛ</subfield>
  </datafield>
 </record>
</collection>
